000 01394nam a2200385 i 4500
001 73129
003 Mx-PuUPA
005 20260219122803.0
008 260219s1989 sp |||gr|||| 00| f spa d
017 _aB. 41573-2001
020 _a9788495359575
040 _aMx-PuUPA
_bspa
_cMx-PuUPA
_dMx-PuUPA
_erda
041 1 _aspa
_hhun
043 _ae-hu---
100 1 _aKrasznahorkai, László,
_d1954-
_917844
_eautor
240 1 3 _aAz ellenállás melankóliája.
_lEspañol
245 1 0 _aMelancolía de la resistencia /
_cLászló Krasznahorkai ; traducción del húngaro, Adan Kovacsics
250 _aPrimera edición
264 1 _aBarcelona, España :
_bQuaderns Crema : Alcantilado,
_c2001
300 _a417 páginas ;
_c21 cm
336 _2rdacontent
_atexto
_btxt
337 _2rdamedia
_asin medio
_bn
338 _2rdacarrier
_avolumen
_bnc
490 0 _aNarrativa del Acantilado ;
_v17
500 _aReimpresiones: (Tercera, octubre de 2025).
650 7 _2armarc
_aNovela hungará
651 4 _aHungría (Ciudad)
_xTerror
_vNovela
651 4 _aHungría
_xViolencia
_vNovela
765 0 _aKrasznahorkai, László, 1954-
_tAz ellenállás melankóliája.
942 _2ddc
_cLI
_h894.5113
_iK8518
999 _c73129
_d73129